000 01073nam a2200229 i 4500
001 158971
003 ES-MaACL
005 20251010144301.0
008 931025s1777 sp |||| | spa d
100 1 _aMartínez de Mata, Francisco.
_978016
245 1 0 _aApéndice a la educación popular
_b: parte quarta que contiene los ocho discursos de Francisco Martínez de Mata, con uno de nuevosobre el comercio nacional...
260 _aEn Madrid :
_ben la Imprenta de D. Antonio de Sancha,
_c1777.
300 _aXCII, [4], 431 p. ;
_c8º.
594 _aEncabezamiento tomado del prólogo a la ed. facs. del "Discurso sobre la educación popular de los artesanos y su fomento", preparada por F. Aguilar Piñal, Madrid, 1978.
597 _aSign.: a-f8, A-Z8, 2A-2D8.
650 4 _aGremios-
_zEspaña.
_9156366
650 0 4 _aArtesanía-
_zEspaña.
_910346
651 4 _aEspaña-
_xPolítica industrial-
_yS.XVIII.
_98432
700 1 _aRodríguez Campomanes, Pedro,
_d1723-1803
_998399
852 _aES-MaACL
_jR-527
_z- Enc. pasta
_x- G-498-502
999 _c158971
_d158971